1288 1360 1226 1435 1146 1932 1855 1996 1226 1655 1559 1824 1806 1816 1412 1449 1747 1261 1884 1381 1260 1002 1959 1331 1547 1815 1676 1114 1768 1275 1476 1880 1533 1195 1837 1446 1888 1211 1445 1032 1528 1098 1486 1685 1142 1433 1684 1842 1454 1633 1613 1387 1526 1348 1140 1964 1228 1872 1274 1968 1516 1035 1714 1417 1915 1459 1127 1029 1445 1626 1759 1254 1651 1701 1682 1342 1069 1398 1256 1952 1864 1700 1255 1645 1107 1286 1860 1854 1666 1437 1223 1546 1158 1075 1759 1585 1436 1615 1013 BCNSPRNW ULIB Ver.6.0+V

เปลี่ยนเป็นภาษาไทย

Change to English
 แสดงรายละเอียดบรรณานุกรม
  กลับหน้าหลัก

Brief Record : Get Marc (ISO 2709) : E-mail record : QR code < ปิดหน้าต่าง
LEADER : 00000nam 2200000uu 4500
001    13399113111
003     ULIB
008    110927s2544||||th 000 0 tha d
020    9789747520989
050  4 PL4209^bว43ส 2544
100 0  วัฒน์ วรรลยางกูร
245 10 เสียงเต้นของหัวใจ /^cวัฒน์ วรรลยางกูร
250    พิมพ์ครั้งที่ 2
260    กรุงเทพฯ :^bแพรวสำนักพิมพ์,^c2544
300    198 หน้า
650  7 ความเรียง
945    ^p130^l0^i016096
995    ทศพร
999 ^a ทศพร
รายการนี้ยังไม่มีแท็ก
คุณยังไม่ได้ล็อกอิน คุณสามารถมีกิจกรรมร่วมกับเว็บไซต์ได้ แต่ต้องล็อกอินก่อน ::
  ล็อกอิน

รายการสื่อสารสนเทศ

ลำดับที่ ประเภท เลขเรียก/บาร์โค้ด สถานที่ สถานะ
- ไม่พบข้อมูล -

รายการใกล้เคียง
    ผู้แต่ง [วัฒน์ วรรลยางกูร]

    หัวเรื่อง [ความเรียง]

BibComment


ยังไม่เคยถูกคอมเมนท์

คอมเมนท์ทรัพยากรรายการนี้
  คอมเมนท์: เสียงเต้นของหัวใจ..


 Copyright 2026. Bcnsprnw @Library